Catálogo
 En Linea

Diálogo con Juan Pablo Duarte. / (Registro nro. 60580)

Detalles MARC
000 -CABECERA
campo de control de longitud fija 01501nam a2200325 i 4500
003 - IDENTIFICADOR DEL NÚMERO DE CONTROL
campo de control DO-SdBNP
005 - FECHA Y HORA DE LA ÚLTIMA TRANSACCIÓN
campo de control 20260420095635.0
007 - CAMPO FIJO DE DESCRIPCIÓN FÍSICA--INFORMACIÓN GENERAL
campo de control de longitud fija ta
008 - DATOS DE LONGITUD FIJA--INFORMACIÓN GENERAL
campo de control de longitud fija 260420b2015 dr a|||| |||| 00| 0 spa d
020 ## - NÚMERO INTERNACIONAL ESTÁNDAR DEL LIBRO
Número Internacional Estándar del Libro 9789945494082
040 ## - FUENTE DE LA CATALOGACIÓN
Centro catalogador/agencia de origen DO-SdBNP
Lengua de catalogación spa
Centro/agencia transcriptor BNPHU
Normas de descripción rda
041 ## - CÓDIGO DE LENGUA
Código de lengua del texto/banda sonora o título independiente spa
082 #4 - NÚMERO DE LA CLASIFICACIÓN DECIMAL DEWEY
Número de clasificación xxx
Número de documento/Ítem C389d 2015
Número de edición 22
100 1# - ENTRADA PRINCIPAL--NOMBRE DE PERSONA
Nombre de persona Cedeño de Fernández, Margarita
Fechas asociadas al nombre 1965-
Término indicativo de función/relación autor
Código de función/relación aut.
9 (RLIN) 37198
245 10 - MENCIÓN DE TÍTULO
Título Diálogo con Juan Pablo Duarte. /
Mención de responsabilidad, etc. Margarita Cedeño de Fernández ; prólogo, Juan Daniel Balcácer ; ilustración, Cristian Hernández ; corrección, Alexis Peña
264 #1 - PRODUCCIÓN, PUBLICACIÓN, DISTRIBUCIÓN, FABRICACIÓN Y COPYRIGHT
Producción, publicación, distribución, fabricación y copyright Santo Domingo :
Nombre del de productor, editor, distribuidor, fabricante Serigraf,
Fecha de producción, publicación, distribución, fabricación o copyright 2015.
300 ## - DESCRIPCIÓN FÍSICA
Extensión 80 páginas :
Material acompañante/anejo Ilustraciones ;
Dimensiones 21 cm.
336 ## - TIPO DE CONTENIDO
Término de tipo de contenido texto
Código de tipo de contenido txt
Fuente rdacontent
337 ## - TIPO DE MEDIO
Nombre/término del tipo de medio sin medición
Código del tipo de medio n
Fuente rdamedia
338 ## - TIPO DE SOPORTE
Nombre/término del tipo de soporte volumen
Código del tipo de soporte nc
Fuente rdacarrier
500 ## - NOTA GENERAL
Nota general Incluye datos biográficos del autor en las solapa de la cubierta
504 ## - NOTA DE BIBLIOGRAFÍA, ETC.
Nota de bibliografía, etc. Bibliografía: páginas 78-79
505 ## - NOTA DE CONTENIDO CON FORMATO
Nota de contenido con formato Presentación--
Información miscelánea Prólogo--
Título Introducción
Información miscelánea Primera parte--
Título Duarte: Arquitecto de la Nación Artífice de Sueños y Esperanza--
Información miscelánea Segunda parte--
Título Reflexiones de los Diarios en el Bicentenario de Duarte--
-- Apéndice--
-- Proyecto de Constitución Redactado por Juan Pablo Duarte--
-- Bibliografía.
590 ## - NOTA LOCAL (RLIN)
Nota local Inventariado 2026/BT
700 1# - PUNTO DE ACCESO ADICIONAL--NOMBRE DE PERSONA
Nombre de persona Balcácer, Juan Daniel,
Fechas asociadas al nombre 1949-
Término indicativo de función/relación prologuista
Código de función/relación pr.
9 (RLIN) 6566
700 1# - PUNTO DE ACCESO ADICIONAL--NOMBRE DE PERSONA
Nombre de persona Peña, Alexis,
Término indicativo de función/relación corrector
Código de función/relación corr.
9 (RLIN) 24653
700 1# - PUNTO DE ACCESO ADICIONAL--NOMBRE DE PERSONA
Nombre de persona Hernández, Cristian
Término indicativo de función/relación ilustrador
Código de función/relación il.
9 (RLIN) 24653
910 ## - DATOS DE OPCIÓN DEL USUARIO (OCLC)
Datos de opción del usuario Btavárez
942 ## - ELEMENTOS DE PUNTO DE ACCESO ADICIONAL (KOHA)
Fuente del sistema de clasificación o colocación Dewey Decimal Classification
Tipo de ítem Koha Libro
Existencias
Estado de retiro Estado de pérdida Fuente del sistema de clasificación o colocación Restricciones de uso No para préstamo Código de colección Localización permanente Ubicación/localización actual Ubicación en estantería Fecha de adquisición Fuente de adquisición Total de préstamos Signatura topográfica completa Código de barras Fecha visto por última vez Precio válido a partir de Tipo de ítem Koha
    Dewey Decimal Classification Excluido de préstamo   Patrimonio Dominicano Biblioteca Nacional Pedro Henríquez Ureña Biblioteca Nacional Pedro Henríquez Ureña En catalogación 20.04.2026 Donado por Ana Fernández   BNPHU PD C389d 2015 2026-2890 20.04.2026 20.04.2026 Libro

Con tecnología Koha